000 00645nam a2200205 i 4500
001 24463
003 ES-MaACL
007 t|
008 021217s1985 sp ||||1| spa d
100 1 _aApalategi, Jokin.
_922030
245 1 4 _aLos vascos, de la autonomía a la independencia
_b: formación y desarrollo del concepto de la nación vasca /
_cJokin Apalategi.
260 _aSan Sebastián :
_bTxertoa,
_c[1985]
300 _a320 p. ;
_c21 cm.
490 1 _aIpar Haizea ;
_v20
500 _aIndices.
504 _aBibliografía.
830 0 _aIpar Haizea ;
_v20
_9229095
852 _aES-MaACL
_jL-9514
_bR.110390
999 _c24463
_d24463